The Abu Dhabi : (Record no. 75008)

MARC details
000 -LEADER
fixed length control field 00672 a2200241 4500
001 - CONTROL NUMBER
control field 75008
003 - CONTROL NUMBER IDENTIFIER
control field TR-AnTOB
005 - DATE AND TIME OF LATEST TRANSACTION
control field 20240524133712.0
008 - FIXED-LENGTH DATA ELEMENTS--GENERAL INFORMATION
fixed length control field 110619s2008 tu 000 0
040 ## - CATALOGING SOURCE
Original cataloging agency TR-AnTOB
Transcribing agency TR-AnTOB
041 0# - LANGUAGE CODE
Language code of text/sound track or separate title İngilizce
050 #0 - LIBRARY OF CONGRESS CALL NUMBER
Classification number DS247.A18.
Item number A28 2008
090 ## - LOCALLY ASSIGNED LC-TYPE CALL NUMBER (OCLC); LOCAL CALL NUMBER (RLIN)
Classification number (OCLC) (R) ; Classification number, CALL (RLIN) (NR) DS247.A18. A28 2008
245 #4 - TITLE STATEMENT
Title The Abu Dhabi :
Remainder of title Economic Vision 2030.
264 #1 - PRODUCTION, PUBLICATION, DISTRIBUTION, MANUFACTURE, AND COPYRIGHT NOTICE
Place of production, publication, distribution, manufacture [Place of publication not identified] :
Name of producer, publisher, distributor, manufacturer [publisher not identified],
Date of production, publication, distribution, manufacture, or copyright notice 2008.
300 ## - PHYSICAL DESCRIPTION
Extent 142 s.
Other physical details grf.
651 ## - SUBJECT ADDED ENTRY--GEOGRAPHIC NAME
Geographic name Abū Ẓaby (United Arab Emirates)
General subdivision Economic conditions
9 (RLIN) 55247
902 ## - LOCAL DATA ELEMENT B, LDB (RLIN)
a 0029594
903 ## - LOCAL DATA ELEMENT C, LDC (RLIN)
a Merkez Kütüphane
942 ## - ADDED ENTRY ELEMENTS (KOHA)
Koha item type Book
Source of classification or shelving scheme Library of Congress Classification
945 ## - LOCAL PROCESSING INFORMATION (OCLC)
a
Holdings
Withdrawn status Lost status Source of classification or shelving scheme Not for loan Collection code Home library Current library Shelving location Date acquired Source of acquisition Serial Enumeration / chronology Inventory number Total Checkouts Total Holds Full call number Barcode Copy number Date shelved Koha item type
    Library of Congress Classification Ödünç Verilebilir / Available Genel Koleksiyon Merkez Kütüphane Merkez Kütüphane Genel Koleksiyon / Main Collection 22/12/2009 Dağıtım / Compilation 1 TAR     DS247.A18 A28 2008 0029594 1 21/04/2010 Book
Devinim Yazılım Eğitim Danışmanlık tarafından Koha'nın orjinal sürümü uyarlanarak geliştirilip kurulmuştur.